Arata Isozaki: arquitectura 1960-1990

Furkejuvvon:
Bibliográfalaš dieđut
Váldodahkkit: Isozaki, Arata (Dahkki), Stewart, David B (Dahkki), Yatsuka, Hajime (Dahkki)
Materiálatiipa: Girji
Giella:espánnjágiella
Almmustuhtton: Barcelona Gustavo Gili 1991
Fáttát:
Fáddágilkorat: Lasit fáddágilkoriid
Eai fáddágilkorat, Lasit vuosttaš fáddágilkora!

MARC

LEADER 00000nam a2200000 a 4500
001 UCY0619
003 CL-VaPUC
008 940808e19910000SP |||||||||||||||||spa|d
082 0 4 |a 720.92  |b ISO  |2 21 
100 0 |a Isozaki, Arata  |e author  |9 328397 
700 0 |a Stewart, David B  |e author  |9 328398 
700 0 |a Yatsuka, Hajime  |e author  |9 328399 
245 1 0 |a Arata Isozaki: arquitectura 1960-1990 
300 |a 304 p 
942 |c BK 
945 |d 19940808 00:00:00  |a oaravena 
260 |a Barcelona  |b Gustavo Gili  |c 1991 
600 0 7 |a OSOZAKI, ARATA  |2 CL-VaPUC  |9 328400 
650 0 |a Arquitectura moderna   |v Diseños y planos   |y Siglo 20   |9 328401 
651 0 |a Japón   |9 260391 
583 |a last modification  |c 19940808 00:00:00  |k Rodrigo Vera 
999 |c 229581  |d 229579 
952 |0 0  |1 0  |4 0  |6 720_920000000000000_ISO_1991  |7 0  |8 A  |9 230878  |a BIBARQ  |b BIBARQ  |d 2019-11-15  |i 3002365  |l 2  |o 720.92 ISO 1991  |p 3002365  |r 2025-01-20  |s 2024-07-02  |w 2019-11-15  |y BK  |k ARQ